| 000 | 00819nam a22002297a 4500 | ||
|---|---|---|---|
| 003 | BUBTL | ||
| 008 | 240227b ||||| |||| 00| 0 eng d | ||
| 020 | _a9788120339453 | ||
| 041 | _aeng | ||
| 082 | _a658.8/ B6512m/ 2010 | ||
| 100 |
_95693 _aBose, D. Chandra |
||
| 245 |
_aModern Marketing : _bPrinciples and Practice / _c D. Chandra Bose |
||
| 250 | _a1st ed. | ||
| 260 |
_aNew Delhi : _bPHI Learning Private Limited, _cc2010 |
||
| 300 |
_ax, 314 p. : _c24 cm. |
||
| 500 | _aIncludes Index | ||
| 505 | _aModern Marketing, Marketing, Nature of Marketing, Functions of Marketing, Functions of Marketing, Functions of Exchange, Functions of Physical Distribution, Facilitating Functions | ||
| 650 | 0 |
_953 _aMarketing |
|
| 856 |
_k0 _l0 _yDownload |
||
| 942 |
_2ddc _cBK |
||
| 999 |
_c7229 _d7229 |
||